| 000 | 00703nam a22002172 4500 | ||
|---|---|---|---|
| 001 | 0000024951 | ||
| 005 | 20151217145950.0 | ||
| 008 | 140402s xx 000 0 eng d | ||
| 020 | _a0335220328 : | ||
| 040 |
_aKABU _cKABU |
||
| 100 | 1 |
_aMaringe, Felix. _@0000185283 |
|
| 245 | 1 | 0 |
_aMarketing higher education : _btheory and practice / _cFelix Maringe and Paul Gibbs. |
| 250 | _a1st ed. | ||
| 260 |
_aNew York : _bOpen University Press, _c2009. |
||
| 300 | _axv, 195 p. | ||
| 650 | 0 |
_aUniversities and colleges _xAdmission _zUnited States. _@0000185284 |
|
| 700 | 1 |
_aGibbs, Paul. _@0000182733 |
|
| 852 | 1 | _9p2995 KES | |
| 908 | _a140402 | ||
| 950 | _@1 | ||
| 999 |
_c4589 _d4589 |
||